Los muertos

Guardat en:
Dades bibliogràfiques
Autor principal: Hidalgo, José Luis (Autor)
Format: Llibre
Idioma:espanyol
Publicat: Santander Universidad de Cantabria 1997
Col·lecció:Cantabria 4 estaciones
Matèries:
Etiquetes: Afegir etiqueta
Sense etiquetes, Sigues el primer a etiquetar aquest registre!

MARC

LEADER 00000nam a2200000 a 4500
001 UCQ0982
003 CL-VaPUC
008 980703e19970000SP |||||||||||||||||spa|d
082 0 4 |a 861  |b HID  |2 21 
100 0 |a Hidalgo, José Luis  |e author  |9 414468 
245 1 4 |a Los muertos 
300 |a 155 p 
942 |c BK 
945 |d 19980703 00:00:00  |a aalvarez 
260 |a Santander  |b Universidad de Cantabria  |c 1997 
650 0 |a Poesías españolas  |9 265100 
583 |a last modification  |c 19980703 00:00:00  |k Rodrigo Vera 
490 0 |a Cantabria 4 estaciones 
999 |c 271996  |d 271994 
952 |0 0  |1 0  |4 0  |6 861_000000000000000_HID_1997  |7 0  |8 A  |9 306811  |a BIBEDU  |b BIBEDU  |d 2019-11-20  |i 3438473  |o 861 HID 1997  |p 3438473  |r 2019-11-20  |w 2019-11-20  |y BK  |k LIT